[Event "EU Union-ch U14"]
[Site "Kouty nad Desnou"]
[Date "2023.08.20"]
[Round "5"]
[White "Sahidi, Sear"]
[Black "Haapsal, Maria Ioanna"]
[Result "0-1"]
[WhiteElo "1731"]
[BlackElo "1508"]
[PlyCount "44"]
[EventDate "2023.08.16"]
[EventType "swiss"]
[EventRounds "9"]
[EventCountry "CZE"]
[SourceTitle "EXT 2024"]
[Source "ChessBase"]
[SourceDate "2023.10.10"]
[SourceVersion "1"]
[SourceVersionDate "2023.10.10"]
[SourceQuality "1"]

1. e4 c5 2. Nf3 d6 3. d4 cxd4 4. Nxd4 a6 5. Nc3 Nf6 6. Be2 e5 7. Nf3 Be7 8. Bg5 Be6 9. Bxf6 Bxf6 10. Nd5 Bxd5 11. Qxd5 Qc7 12. 0-0-0 Be7 13. Bc4 0-0 14. g4 Nc6 15. h4 Nb4 16. Qd2 Qxc4 17. a3 Nc6 18. h5 h6 19. g5 Nd4 20. Qd3 Qxd3 21. Rxd3 Nxf3 22. Rxf3 Bxg5+ 0-1

[Event "EU Union-ch U14"]
[Site "Kouty nad Desnou"]
[Date "2023.08.18"]
[Round "3"]
[White "Sahidi, Sear"]
[Black "Csernyik, Mark"]
[Result "1/2-1/2"]
[WhiteElo "1731"]
[BlackElo "1976"]
[PlyCount "103"]
[EventDate "2023.08.16"]
[EventType "swiss"]
[EventRounds "9"]
[EventCountry "CZE"]
[SourceTitle "EXT 2024"]
[Source "ChessBase"]
[SourceDate "2023.10.10"]
[SourceVersion "1"]
[SourceVersionDate "2023.10.10"]
[SourceQuality "1"]

1. e4 c5 2. Nf3 d6 3. d4 cxd4 4. Nxd4 Nf6 5. Nc3 g6 6. Be3 Bg7 7. f3 0-0 8. Qd2 Nc6 9. Bc4 Bd7 10. Bb3 Rc8 11. 0-0-0 Nxd4 12. Bxd4 b5 13. Nd5 Nxd5 14. Bxg7 Kxg7 15. Bxd5 a5 16. Qd4+ Kg8 17. e5 Bf5 18. Be4 Rc4 19. Qd3 Bxe4 20. fxe4 Qc7 21. exd6 exd6 22. Rd2 Re8 23. Qxd6 Rxc2+ 24. Kb1 Qxd6 25. Rxd6 Rxg2 26. Rd5 b4 27. e5 a4 28. Rb5 a3 29. Rxb4 axb2 30. Rxb2 Rxb2+ 31. Kxb2 Rxe5 32. a4 f5 33. Kc3 Kf7 34. Kb4 f4 35. a5 Kf6 36. a6 Re8 37. a7 Ra8 38. Ra1 Kf5 39. Kc3 g5 40. Kd3 h5 41. h3 g4 42. Ra5+ Kf6 43. hxg4 hxg4 44. Ke4 f3 45. Kf4 f2 46. Ra1 Rxa7 47. Rb1 Re7 48. Rf1 Rf7 49. Kxg4 Ke5 50. Kg3 Ke4 51. Rxf2 Rxf2 52. Kxf2 1/2-1/2

[Event "Piestany op-B"]
[Site "Piestany"]
[Date "2023.07.18"]
[Round "8"]
[White "Janouskova, Eliska"]
[Black "Sahidi, Sear"]
[Result "0-1"]
[WhiteElo "1255"]
[BlackElo "1749"]
[PlyCount "70"]
[EventDate "2023.07.11"]
[EventType "swiss"]
[EventRounds "9"]
[EventCountry "SVK"]
[SourceTitle "EXT 2024"]
[Source "ChessBase"]
[SourceDate "2023.10.10"]
[SourceVersion "1"]
[SourceVersionDate "2023.10.10"]
[SourceQuality "1"]

1. e4 e5 2. Nf3 Nc6 3. Nc3 Nf6 4. Bb5 Bb4 5. 0-0 0-0 6. d3 d6 7. Bg5 Ne7 8. Bxf6 gxf6 9. h3 Kh8 10. Ne2 Rg8 11. Ng3 c6 12. Ba4 Bc5 13. c3 Rxg3 14. d4 Rg7 15. dxc5 Bxh3 16. Nh4 Qd7 17. f3 Ng6 18. Nf5 Bxf5 19. exf5 Qxf5 20. Bc2 Qg5 21. Bxg6 Rxg6 22. Rf2 d5 23. Qb3 Qe3 24. c4 Qxc5 25. cxd5 Rag8 26. g4 f5 27. Qc3 Qxc3 28. bxc3 fxg4 29. fxg4 Rxg4+ 30. Kh1 Rh4+ 31. Rh2 Rxh2+ 32. Kxh2 cxd5 33. Rd1 Rd8 34. Kg3 Kg7 35. Kg4 Kg6 0-1

[Event "SVK-ch U14"]
[Site "Dudince"]
[Date "2023.04.21"]
[Round "7"]
[White "Sahidi, Sear"]
[Black "Shykhnenko, Hryhorii"]
[Result "1-0"]
[WhiteElo "1727"]
[BlackElo "1481"]
[PlyCount "67"]
[EventDate "2023.04.16"]
[EventType "swiss"]
[EventRounds "9"]
[EventCountry "SVK"]
[SourceTitle "CBM 213 Extra"]
[Source "ChessBase"]
[SourceDate "2023.05.31"]
[SourceVersion "1"]
[SourceVersionDate "2023.05.31"]
[SourceQuality "1"]

1. e4 c5 2. Nf3 e6 3. d4 cxd4 4. Nxd4 a6 5. Nc3 Qc7 6. Bd3 Nf6 7. f4 d6 8. g4 h6 9. Qf3 Nbd7 10. Rf1 b5 11. g5 hxg5 12. fxg5 Ne5 13. Qg2 Nfd7 14. g6 Nf6 15. gxf7+ Kxf7 16. Bd2 Bb7 17. Nce2 Bc8 18. Bc3 Nxd3+ 19. cxd3 e5 20. Nf3 Qd7 21. Bxe5 Be7 22. Bc3 Qg4 23. Qxg4 Bxg4 24. Ned4 Bxf3 25. Nxf3 d5 26. exd5 Nxd5 27. Kd2 Bf6 28. Bxf6 gxf6 29. Rf2 Rac8 30. a3 a5 31. Re1 b4 32. Ne5+ Kg7 33. Rg1+ Kh7 34. Rf3 1-0

[Event "SVK-ch Blitz"]
[Site "Nitra"]
[Date "2022.10.29"]
[Round "1"]
[White "Sahidi, Sear"]
[Black "Stevik, Patrik1111"]
[Result "0-1"]
[WhiteElo "1550"]
[BlackElo "2064"]
[PlyCount "54"]
[EventDate "2022.10.29"]
[EventType "swiss"]
[EventRounds "13"]
[EventCountry "SVK"]
[SourceTitle "EXT 2024"]
[Source "ChessBase"]
[SourceDate "2023.10.10"]
[SourceVersion "1"]
[SourceVersionDate "2023.10.10"]
[SourceQuality "1"]

1. e4 e5 2. Nf3 c6 3. d4 exd4 4. Nxd4 d5 5. exd5 Qxd5 6. Nc3 Bb4 7. Qd3 Nf6 8. Bd2 Qe5+ 9. Be2 0-0 10. 0-0 Rd8 11. Be3 Bg4 12. h3 Bxc3 13. Qxc3 Bxe2 14. Nxe2 Qh5 15. Ng3 Qg6 16. Rad1 Nbd7 17. Rd2 Nd5 18. Qb3 Ne5 19. Bd4 Nf4 20. Re1 Qg5 21. Rxe5 Nxh3+ 22. gxh3 Qxd2 23. Re7 Qd1+ 24. Kg2 Qxd4 25. Qxf7+ Kh8 26. Rxb7 Rf8 27. Qe7 Qxf2+ 0-1

[Event "Trnava Reti Memorial op"]
[Site "Trnava"]
[Date "2022.08.13"]
[Round "4"]
[White "Sahidi, Sear"]
[Black "Kukan, Michal"]
[Result "1-0"]
[WhiteElo "1470"]
[BlackElo "1761"]
[PlyCount "77"]
[EventDate "2022.08.11"]
[EventType "swiss"]
[EventRounds "7"]
[EventCountry "SVK"]
[SourceTitle "CBM 209 Extra"]
[Source "ChessBase"]
[SourceDate "2022.09.30"]
[SourceVersion "1"]
[SourceVersionDate "2022.09.30"]
[SourceQuality "1"]

1. e4 e5 2. Nf3 d6 3. d4 exd4 4. Nxd4 g6 5. Nc3 Bg7 6. Bc4 Ne7 7. Bg5 0-0 8. Nd5 Re8 9. Nxe7+ Rxe7 10. Bxe7 Qxe7 11. Qd3 Nc6 12. Nxc6 bxc6 13. 0-0-0 Rb8 14. Bb3 a5 15. c3 d5 16. Bc2 Qg5+ 17. Qe3 Qh5 18. Qg3 Be6 19. Qxc7 Be5 20. Qxc6 dxe4 21. Kb1 Qe2 22. Qxe4 Qb5 23. b3 Bxc3 24. Qd3 Qb4 25. Qd6 Qb7 26. Rhg1 a4 27. Qa3 axb3 28. Bxb3 Qe4+ 29. Kc1 Qf4+ 30. Kc2 Bb4 31. Qa7 Rc8+ 32. Kd3 Rd8+ 33. Ke2 Rd2+ 34. Rxd2 Qxd2+ 35. Kf3 Qd3+ 36. Qe3 Bg4+ 37. Kxg4 Qf5+ 38. Kg3 h5 39. Qe8+ 1-0

[Event "Trnava Reti Memorial op"]
[Site "Trnava"]
[Date "2022.08.11"]
[Round "1"]
[White "Sahidi, Sear"]
[Black "Kosnac, Patrik"]
[Result "1/2-1/2"]
[WhiteElo "1470"]
[BlackElo "1919"]
[PlyCount "92"]
[EventDate "2022.08.11"]
[EventType "swiss"]
[EventRounds "7"]
[EventCountry "SVK"]
[SourceTitle "CBM 209 Extra"]
[Source "ChessBase"]
[SourceDate "2022.09.30"]
[SourceVersion "1"]
[SourceVersionDate "2022.09.30"]
[SourceQuality "1"]

1. e4 e6 2. d4 d5 3. Nd2 dxe4 4. Nxe4 Nd7 5. Nf3 Ngf6 6. Nxf6+ Nxf6 7. Bg5 Be7 8. Bc4 Qd6 9. 0-0 a6 10. Re1 b5 11. Bb3 Bb7 12. Qe2 0-0 13. Qe5 Bxf3 14. gxf3 Rfd8 15. Rad1 Rd7 16. d5 Qxe5 17. Rxe5 c6 18. c4 Rad8 19. Ree1 cxd5 20. cxd5 h6 21. Bxf6 Bxf6 22. dxe6 Rxd1 23. exf7+ Kf8 24. Rxd1 Rxd1+ 25. Bxd1 Kxf7 26. b3 b4 27. Be2 a5 28. Bc4+ Ke7 29. Kf1 Kd6 30. Ke2 Kc5 31. Ke3 Bd4+ 32. Ke2 Be5 33. h3 Kd4 34. Kd2 Bf4+ 35. Kc2 Bh2 36. Kd2 Bg1 37. Ke2 g5 38. Bb5 Kc3 39. Ba4 Kb2 40. Ke3 Kxa2 41. Ke4 Bxf2 42. Kf5 Be3 43. Kg6 Kb2 44. Kh5 Kc2 45. h4 Kd2 46. hxg5 hxg5 1/2-1/2

[Event "Piestany Slovakia op-B"]
[Site "Piestany"]
[Date "2022.07.18"]
[Round "9"]
[White "Sahidi, Sear"]
[Black "Volanek, Maros"]
[Result "1/2-1/2"]
[WhiteElo "1381"]
[BlackElo "1556"]
[PlyCount "32"]
[EventDate "2022.07.11"]
[EventType "swiss"]
[EventRounds "9"]
[EventCountry "SVK"]
[SourceTitle "CBM 209 Extra"]
[Source "ChessBase"]
[SourceDate "2022.09.30"]
[SourceVersion "1"]
[SourceVersionDate "2022.09.30"]
[SourceQuality "1"]

1. e4 c6 2. d4 d5 3. Nc3 e6 4. Be3 Nf6 5. e5 Nfd7 6. a3 c5 7. Bb5 Nc6 8. Nf3 a6 9. Bxc6 bxc6 10. dxc5 Bxc5 11. Bxc5 Nxc5 12. Qd4 Nd7 13. 0-0 Rb8 14. b3 Qb6 15. Qxb6 Nxb6 16. Rad1 Bd7 1/2-1/2

[Event "Piestany Slovakia op-B"]
[Site "Piestany"]
[Date "2022.07.17"]
[Round "8"]
[White "Frundina, Yelyzaveta"]
[Black "Sahidi, Sear"]
[Result "1/2-1/2"]
[WhiteElo "1608"]
[BlackElo "1381"]
[PlyCount "48"]
[EventDate "2022.07.11"]
[EventType "swiss"]
[EventRounds "9"]
[EventCountry "SVK"]
[SourceTitle "CBM 209 Extra"]
[Source "ChessBase"]
[SourceDate "2022.09.30"]
[SourceVersion "1"]
[SourceVersionDate "2022.09.30"]
[SourceQuality "1"]

1. e4 e5 2. Nf3 Nc6 3. Bb5 a6 4. Bxc6 dxc6 5. Nxe5 Qd4 6. Nf3 Qxe4+ 7. Qe2 Qxe2+ 8. Kxe2 Bg4 9. d3 0-0-0 10. Be3 Nf6 11. Nbd2 Bd6 12. h3 Bxf3+ 13. Nxf3 Rhe8 14. Rhe1 Bf4 15. Kf1 Bxe3 16. Rxe3 Nd5 17. Re4 f6 18. Rae1 Kd7 19. Nd4 Rxe4 20. Rxe4 b6 21. a3 g6 22. Ke2 c5 23. c4 f5 24. Rh4 Nf6 1/2-1/2

[Event "Piestany Augustus Cup"]
[Site "Piestany"]
[Date "2022.07.15"]
[Round "3"]
[White "Sahidi, Sear"]
[Black "Durik, Martin"]
[Result "1-0"]
[WhiteElo "1492"]
[BlackElo "1235"]
[PlyCount "59"]
[EventDate "2022.07.15"]
[EventType "swiss (rapid)"]
[EventRounds "7"]
[EventCountry "SVK"]
[SourceTitle "CBM 209 Extra"]
[Source "ChessBase"]
[SourceDate "2022.09.30"]
[SourceVersion "1"]
[SourceVersionDate "2022.09.30"]
[SourceQuality "1"]

1. e4 c6 2. d4 d5 3. exd5 cxd5 4. c4 Nf6 5. Nc3 Nc6 6. Be3 Bf5 7. Nf3 e6 8. Be2 Qb6 9. Qb3 Nb4 10. 0-0 Bc2 11. Qa3 dxc4 12. d5 Qd8 13. b3 exd5 14. Qc1 cxb3 15. axb3 Bxb3 16. Rb1 Bc4 17. Bxc4 dxc4 18. Re1 Be7 19. Rxb4 Bxb4 20. Bb6+ Qe7 21. Rxe7+ Kxe7 22. Qe3+ Kf8 23. Bc5+ Bxc5 24. Qxc5+ Kg8 25. g3 g6 26. Qxc4 Kg7 27. Qb3 Rhb8 28. Ne5 a5 29. Qxf7+ Kh6 30. Qxf6 1-0

[Event "Piestany Slovakia op-B"]
[Site "Piestany"]
[Date "2022.07.12"]
[Round "2"]
[White "Sahidi, Sear"]
[Black "Fizerova, Lucie"]
[Result "0-1"]
[WhiteElo "1381"]
[BlackElo "1651"]
[PlyCount "60"]
[EventDate "2022.07.11"]
[EventType "swiss"]
[EventRounds "9"]
[EventCountry "SVK"]
[SourceTitle "CBM 209 Extra"]
[Source "ChessBase"]
[SourceDate "2022.09.30"]
[SourceVersion "1"]
[SourceVersionDate "2022.09.30"]
[SourceQuality "1"]

1. e4 e5 2. Nf3 Nf6 3. Nxe5 d6 4. Nf3 Nxe4 5. Qe2 Qe7 6. d3 Nf6 7. Bg5 Qxe2+ 8. Bxe2 Be7 9. Nc3 c6 10. 0-0 0-0 11. Ne4 Nbd7 12. Rfe1 d5 13. Nxf6+ Nxf6 14. d4 Re8 15. Bd3 Bg4 16. Re3 h6 17. Bh4 g5 18. Bg3 Nh5 19. Rae1 Nxg3 20. Rxe7 Rxe7 21. Rxe7 Nf5 22. Rxb7 Re8 23. c3 Bxf3 24. gxf3 Nh4 25. Bf1 Nxf3+ 26. Kg2 Nh4+ 27. Kg3 Re1 28. Bd3 Rg1+ 29. Kh3 Nf3 30. Bf5 h5 0-1

[Event "Skalica op-B"]
[Site "Skalica"]
[Date "2021.08.28"]
[Round "8"]
[White "Sahidi, Sear"]
[Black "Visvader, Kristof"]
[Result "0-1"]
[WhiteElo "1354"]
[BlackElo "1455"]
[PlyCount "94"]
[EventDate "2021.08.21"]
[EventType "swiss"]
[EventRounds "9"]
[EventCountry "SVK"]
[SourceTitle "CBM 204 Extra"]
[Source "ChessBase"]
[SourceDate "2021.11.30"]
[SourceVersion "1"]
[SourceVersionDate "2021.11.30"]
[SourceQuality "1"]

1. e4 e5 2. Nf3 Nc6 3. d4 exd4 4. Nxd4 Qh4 5. Qd3 Bc5 6. Be3 Bxd4 7. Bxd4 Nxd4 8. Qxd4 Nf6 9. Bc4 Qxe4+ 10. Qxe4+ Nxe4 11. 0-0 0-0 12. Re1 Re8 13. Nc3 Nf6 14. Rxe8+ Nxe8 15. Re1 Nf6 16. Re7 c6 17. Ne4 d5 18. Nxf6+ gxf6 19. Bd3 Kf8 20. Re3 h6 21. Rf3 Ke7 22. Rf4 Bd7 23. Rh4 Rh8 24. c4 dxc4 25. Bxc4 Be6 26. b3 b5 27. Be2 f5 28. Kf1 Kf6 29. Rd4 Ke5 30. Rd2 Bd5 31. Rc2 Be4 32. Rc1 Rd8 33. f3 Bd5 34. Rc3 f4 35. Ke1 f6 36. Bd3 Kd4 37. Kd2 Re8 38. Bf1 Re3 39. Rc1 a6 40. Rc2 c5 41. Be2 c4 42. bxc4 Bxc4 43. Bxc4 bxc4 44. h3 c3+ 45. Kd1 Kd3 46. Rf2 h5 47. Rc2 Re1+ 0-1

[Event "Piestany Slovakia op"]
[Site "Piestany"]
[Date "2021.07.14"]
[Round "5"]
[White "Sahidi, Sear"]
[Black "Kostic, Ivan"]
[Result "1-0"]
[WhiteElo "1263"]
[BlackElo "1564"]
[PlyCount "49"]
[EventDate "2021.07.10"]
[EventType "swiss"]
[EventRounds "9"]
[EventCountry "SVK"]
[SourceTitle "CBM 203 Extra"]
[Source "ChessBase"]
[SourceDate "2021.09.30"]
[SourceVersion "1"]
[SourceVersionDate "2021.09.30"]
[SourceQuality "1"]

1. d4 d5 2. c4 e6 3. Nc3 b6 4. Bf4 a6 5. Qb3 Nf6 6. cxd5 Nxd5 7. Nxd5 exd5 8. Rc1 c6 9. Nf3 f6 10. Bxb8 Rxb8 11. Rxc6 Bd7 12. Rc2 Be6 13. e3 a5 14. Bb5+ Kf7 15. 0-0 Rc8 16. Rfc1 Rxc2 17. Rxc2 Bd6 18. Rc6 Qb8 19. Bd3 Bc7 20. e4 Rd8 21. exd5 Bxd5 22. Bc4 Bxh2+ 23. Nxh2 Bxc4 24. Qxc4+ Kf8 25. Rc7 1-0

[Event "Piestany Slovakia op"]
[Site "Piestany"]
[Date "2021.07.13"]
[Round "4"]
[White "Meszaros, Casey Ryan"]
[Black "Sahidi, Sear"]
[Result "1-0"]
[WhiteElo "1466"]
[BlackElo "1263"]
[PlyCount "117"]
[EventDate "2021.07.10"]
[EventType "swiss"]
[EventRounds "9"]
[EventCountry "SVK"]
[SourceTitle "CBM 203 Extra"]
[Source "ChessBase"]
[SourceDate "2021.09.30"]
[SourceVersion "1"]
[SourceVersionDate "2021.09.30"]
[SourceQuality "1"]

1. e4 e5 2. Nf3 Nc6 3. Bb5 Bc5 4. d3 a6 5. Bxc6 dxc6 6. h3 Nf6 7. 0-0 Qd6 8. Nbd2 Be6 9. Ng5 h6 10. Nxe6 Qxe6 11. Nb3 Bb6 12. Kh1 0-0-0 13. Qe2 Rhe8 14. Be3 Nd7 15. a4 Kb8 16. Bxb6 Nxb6 17. Nc5 Qd6 18. b4 f6 19. a5 Nd7 20. Nxd7+ Rxd7 21. Rfb1 Qd4 22. Ra3 Ka7 23. c4 Rd6 24. b5 cxb5 25. cxb5 Rb8 26. bxa6 Rxa6 27. Rab3 Rxa5 28. Rb4 Qc3 29. Rc4 Qa3 30. Rxc7 Qa2 31. Qe3+ Ka8 32. Qb6 Ra7 33. Rxg7 Qc2 34. Rg6 Qxd3 35. Rxh6 Qxe4 36. Rxf6 Rg8 37. Rg1 Rh8 38. Rh6 Rg8 39. Qf6 Ra6 40. Qh4 Qxh4 41. Rxh4 b5 42. Rb4 Rb6 43. Ra1+ Kb7 44. Rab1 Kc6 45. g3 Rd8 46. Rc1+ Kb7 47. Rc5 Rd4 48. Rbxb5 e4 49. Kg2 Ka6 50. Rxb6+ Kxb6 51. Rc3 Kb5 52. g4 Kb4 53. Re3 Kc5 54. Kg3 Rd3 55. Kf4 Rd2 56. Rxe4 Rxf2+ 57. Kg3 Rf7 58. g5 Kd5 59. Rf4 1-0

[Event "Piestany Slovakia op"]
[Site "Piestany"]
[Date "2021.07.12"]
[Round "3"]
[White "Sahidi, Sear"]
[Black "Tomcikova, Zuzana"]
[Result "1/2-1/2"]
[WhiteElo "1263"]
[BlackElo "1800"]
[PlyCount "128"]
[EventDate "2021.07.10"]
[EventType "swiss"]
[EventRounds "9"]
[EventCountry "SVK"]
[SourceTitle "CBM 203 Extra"]
[Source "ChessBase"]
[SourceDate "2021.09.30"]
[SourceVersion "1"]
[SourceVersionDate "2021.09.30"]
[SourceQuality "1"]

1. e4 d6 2. d4 g6 3. Bc4 Bg7 4. Nf3 Nf6 5. Nc3 0-0 6. 0-0 Nbd7 7. Re1 e5 8. dxe5 dxe5 9. Bg5 c6 10. Qd2 Qc7 11. Rad1 Nb6 12. Bb3 a5 13. a3 Bg4 14. Qe3 a4 15. Ba2 Bxf3 16. Qxf3 Qe7 17. Rd3 h6 18. Bxf6 Bxf6 19. Qe3 Nd7 20. Qxh6 Bg7 21. Qh3 Rfd8 22. Qf3 Nc5 23. Rxd8+ Rxd8 24. Rd1 Rxd1+ 25. Qxd1 Bh6 26. b4 axb3 27. cxb3 Ne6 28. b4 Nd4 29. Ne2 Nb5 30. a4 Nd6 31. Qd3 Bf8 32. Nc3 Qg5 33. Qc2 Bh6 34. Bb3 Qd2 35. Kf1 Qxc2 36. Bxc2 Bd2 37. Na2 Nc4 38. Ke2 Bg5 39. Nc3 Be7 40. b5 cxb5 41. axb5 Nd6 42. f3 Bd8 43. Bd3 Kf8 44. Na4 Ke7 45. Nb2 Ba5 46. Nc4 Nxc4 47. Bxc4 Bc3 48. Bd5 b6 49. g3 Bd4 50. h4 Kf8 51. g4 Kg7 52. Kf1 f6 53. Kg2 Be3 54. Kf1 Bd4 55. Ke2 Bc5 56. Kd3 Bf2 57. h5 gxh5 58. gxh5 Kh6 59. Bf7 Kg7 60. Bg6 Bc5 61. Kc4 Be3 62. Kd5 Bc5 63. Ke6 Be3 64. Bf5 Bf4 1/2-1/2

[Event "SVK-ch U12"]
[Site "Stara Lubovna"]
[Date "2021.06.30"]
[Round "6"]
[White "Ziman, Damian"]
[Black "Sahidi, Sear"]
[Result "0-1"]
[WhiteElo "1153"]
[BlackElo "1263"]
[PlyCount "108"]
[EventDate "2021.06.26"]
[EventType "swiss"]
[EventRounds "9"]
[EventCountry "SVK"]
[SourceTitle "CBM 203 Extra"]
[Source "ChessBase"]
[SourceDate "2021.09.30"]
[SourceVersion "1"]
[SourceVersionDate "2021.09.30"]
[SourceQuality "1"]

1. e4 e5 2. Nf3 Nc6 3. Bc4 Nf6 4. d3 h6 5. 0-0 Bc5 6. Be3 Bb6 7. c3 d5 8. exd5 Nxd5 9. Bxb6 Nxb6 10. Bb3 Bf5 11. Re1 f6 12. d4 Qd6 13. Bc2 Bxc2 14. Qxc2 0-0-0 15. Qf5+ Nd7 16. Rd1 Rhe8 17. d5 e4 18. Na3 exf3 19. dxc6 Qxc6 20. gxf3 Re5 21. Qh3 Re2 22. Rab1 Qb6 23. Nc4 Qxf2+ 24. Kh1 f5 25. Rf1 Qc5 26. Na3 Nf6 27. Qg3 Rdd2 28. h3 Rh2+ 29. Qxh2 Rxh2+ 30. Kxh2 Qe5+ 31. f4 Qe2+ 32. Kg1 Qe3+ 33. Kh2 Qe2+ 34. Kg1 Ne4 35. c4 Qe3+ 36. Kh2 Qg3+ 37. Kh1 Qxh3+ 38. Kg1 Qg3+ 39. Kh1 Nf2+ 40. Rxf2 Qxf2 41. Rg1 Qh4+ 42. Kg2 Qxf4 43. Re1 g5 44. Re8+ Kd7 45. Rh8 b6 46. Rh7+ Kc8 47. Rh8+ Kb7 48. Rxh6 g4 49. Rg6 Qf3+ 50. Kg1 g3 51. Rh6 Qf2+ 52. Kh1 g2+ 53. Kh2 g1Q+ 54. Kh3 Qgg3# 0-1

[Event "Skalica Schaeffler op"]
[Site "Skalica"]
[Date "2020.08.30"]
[Round "9"]
[White "Gurevich, Michele"]
[Black "Sahidi, Sear"]
[Result "0-1"]
[WhiteElo "1382"]
[BlackElo "1228"]
[PlyCount "88"]
[EventDate "2020.08.23"]
[EventType "swiss"]
[EventRounds "9"]
[EventCountry "SVK"]
[SourceTitle "CBM 198 Extra"]
[Source "ChessBase"]
[SourceDate "2020.11.30"]
[SourceVersion "1"]
[SourceVersionDate "2020.11.30"]
[SourceQuality "1"]

1. e4 e5 2. Nf3 Nc6 3. d4 exd4 4. Nxd4 Bc5 5. Nb3 Bb6 6. Nc3 Qf6 7. Qe2 Nd4 8. Nxd4 Bxd4 9. Be3 Bxc3+ 10. Bd2 Bxd2+ 11. Qxd2 Qxb2 12. Rd1 Qe5 13. Qd3 Nf6 14. Rd2 0-0 15. g3 Qxe4+ 16. Qxe4 Nxe4 17. Re2 d5 18. c4 c6 19. cxd5 cxd5 20. Bg2 Re8 21. f3 Nf6 22. Rxe8+ Nxe8 23. 0-0 Nd6 24. Rd1 Be6 25. f4 Nf5 26. Bxd5 Rd8 27. Bf3 Rxd1+ 28. Bxd1 Bxa2 29. Bf3 b5 30. Kf2 b4 31. Ke2 Nd4+ 32. Ke3 Nxf3 33. Kxf3 b3 34. Ke2 b2 35. Kd2 b1Q 36. Kc3 Kf8 37. Kd4 Ke7 38. Ke5 Qd3 39. f5 f6+ 40. Kf4 Bd5 41. Kg4 Qf3+ 42. Kh4 g6 43. fxg6 hxg6 44. Kh3 Qh5# 0-1